| 000 | 01643cam a22003854a 4500 | ||
|---|---|---|---|
| 005 | 20260322212049.0 | ||
| 008 | data | ||
| 010 | _a 99022238 | ||
| 020 | _a1558747036 (hardcover) | ||
| 020 | _a1558747028 (pbk.) | ||
| 020 | _a1558747052 (audio tape) | ||
| 020 | _a1558747044 (audio CD) | ||
| 020 | _a9781558747029 (pbk.) | ||
| 020 | _a9781558747036 (hardcover) | ||
| 020 | _a9781558747043 (audio CD) | ||
| 020 | _a9781558747050 (audio tape) | ||
| 040 |
_aDLC _cDLC _dDLC |
||
| 042 | _apcc | ||
| 050 | 0 | 0 |
_aBJ1661 _b.C26 1999 |
| 082 | 0 | 0 |
_a158.1/28/0842 _221 |
| 092 | _a158.1 Chi 1999 | ||
| 245 | 1 | 0 |
_aChicken soup for the college soul : _binspiring and humorous stories about college / _cJack Canfield. |
| 260 |
_aDeerfield Beach, Fla. : _bHealth Communications, _cc1999. |
||
| 300 |
_axxvii, 340 p. : _bill. ; _c23 cm. |
||
| 650 | 0 |
_aCollege students _xConduct of life. |
|
| 700 | 1 |
_aCanfield, Jack, _d1944- |
|
| 856 | 4 | 2 |
_3Publisher description _uhttp://www.loc.gov/catdir/enhancements/fy0727/99022238-d.html |
| 856 | 4 | 1 |
_3Sample text _uhttp://www.loc.gov/catdir/enhancements/fy0727/99022238-s.html |
| 856 | 4 | 2 |
_3Contributor biographical information _uhttp://www.loc.gov/catdir/enhancements/fy0735/99022238-b.html |
| 906 |
_a7 _bcbc _corignew _d1 _eocip _f19 _gy-gencatlg |
||
| 925 | 0 |
_aacquire _b2 shelf copies _xpolicy default |
|
| 001 | data | ||
| 999 |
_c1167 _d1167 |
||